Condiciones generales de los contratos: civiles y mercantiles
Salvato in:
| Autore principale: | |
|---|---|
| Natura: | Libro |
| Lingua: | spagnolo |
| Pubblicazione: |
Madrid
Revista de Derecho Privado
1969
|
| Serie: | Monografías Prácticas de Derecho Español, 43
|
| Soggetti: | |
| Tags: |
Aggiungi Tag
Nessun Tag, puoi essere il primo ad aggiungerne!!
|
MARC
| LEADER | 00000nam a2200000 a 4500 | ||
|---|---|---|---|
| 001 | UCS1130 | ||
| 003 | CL-VaPUC | ||
| 008 | 970509e19690000SP |||||||||||||||||spa|d | ||
| 082 | 0 | 4 | |a 346.022 |b GAR |2 21 |
| 100 | |a García Amigo, Manuel |e author |9 385727 | ||
| 245 | 1 | 0 | |a Condiciones generales de los contratos: civiles y mercantiles |
| 300 | |a 271 p | ||
| 942 | |c BK | ||
| 945 | |d 19970509 00:00:00 |a cmena | ||
| 260 | |a Madrid |b Revista de Derecho Privado |c 1969 | ||
| 650 | 0 | |a Responsabilidad contractual |9 256720 | |
| 650 | 0 | |a Obligaciones |9 255578 | |
| 650 | 0 | |a Derecho civil |9 255013 | |
| 650 | 0 | |a Derecho privado |9 258243 | |
| 650 | 0 | |a Contratos |9 255153 | |
| 650 | 7 | |a RESPONSABILIDAD CIVIL |2 CL-VaPUC |9 385255 | |
| 650 | 0 | |a Derecho comparado |9 255664 | |
| 650 | 0 | |a Responsabilidad administrativa |9 256129 | |
| 651 | 0 | |a España |9 254926 | |
| 583 | |a last modification |c 19970509 00:00:00 |k Rodrigo Vera | ||
| 490 | 0 | |a Monografías Prácticas de Derecho Español, 43 | |
| 999 | |c 259233 |d 259231 | ||
| 952 | |0 0 |1 0 |4 0 |6 346_022000000000000_GAR_1969 |7 0 |8 A |9 283872 |a BIBDER |b BIBDER |d 2019-11-19 |i 1844415 |o 346.022 GAR 1969 |p 1844415 |r 2023-01-25 |w 2019-11-19 |y BK |k DER | ||